00831nam a2200181Ia 4500008004100000082001200041100004900053245018500102260006100287300001400348536004600362546001200408650003300420650003000453942000700483999001700490952014200507220217s9999||||xx |||||||||||||| ||eng|| aRM.0400 aMishra, R.K.uInstitute of Public Enterprise 0aEmpowering social science research :ba study of components in social science research system and development of framework for performance measurement of the system / cR.K. Mishra aNew Delhi :bIndian Council of Social Science Research,  avi, 112p. aIndian Council of Social Science Research aEnglish aSocial sciencesxMethodology aSocial sciencesxResearch cRP c27375d27375 00102ddc40718MIRPaNASSDOCbNASSDOCd2022-01-24eGifted by: RP Division ICSSRl0oRM.0400p52028r2022-02-17 00:00:00w2022-02-17yRP